000 00627nam a22002177a 4500
003 UA-OsUOA
001 73285
007 ta
008 20110221b un ||||| |||| 00| 0 ukr d
100 _aВірченко Н.
090 _a81
_bВ55
942 _cSA
040 _aUA-OsUOA
_bukr
_cUA-OsUOA
_dUA-OsUOA
245 _aДокументи про заборону української мови (ХVІІ-ХХ ст.)
300 _aС.7
955 _a0
041 _aukr
080 _a81
773 0 _w73284
650 7 _a8 Мовознавство. Художня література. Літературознавство
_2UDC
999 _c359569
_d359569